000 01629nam a2200265 a 4500
001 4214400000030210
005 20180207131400.0
008 0919s2016----xr ---------u-------cze-d
020 _a978-80-7491-782-0
_q(vázáno) :
_cKč 349,00
040 _aabg508
_eAACR2
_91
_bcze
041 1 _acze
_hswe
100 1 _aKepler, Lars
_4aut
245 1 0 _aPlayground /
_cLars Kepler; ze švédského originálu Playground ... přeložila Karolína Kloučková
250 _aPrvní vydání
260 _aBrno :
_bHost - vydavatelství, s.r.o.,
_c2016
300 _a434 stran ;
_c21 cm
520 2 _aJasmin Pascalová-Andersonová má hodnost poručíka švédské armády. Během mise NATO v severním Kosovu se její jednotka ocitne v boji. Jasmin ztratí dva ze svých mužů a sama je těžce zraněna. Na celou minutu a čtyřicet vteřin se jí zastaví srdce, potom je však přivedena k životu. Po probuzení mluví o své zkušenosti z klinické smrti: ocitla se v tajemném přístavním městě, jež představuje přechod mezi životem a smrtí a v němž panuje krutý a nespravedlivý systém. Jasmin je ze svých zážitků zmatená a rozrušená. Co se stalo během těch vzácných vteřin, kdy se jí zastavilo srdce? A jak se jí podařilo překonat nástrahy města a vrátit se do života?
653 _adetektivka
_adetektivky
_aseverská literatura
700 1 _aKloučková, Karolína
_4trl
765 0 _tPlayground
910 _aabg508
936 _atext
_btxt
_2rdacontent
937 _abez média
_bn
_2rdamedia
938 _asvazek
_bnc
_2rdacarrier
980 _d20160919
_t6
_iEuromedia
_j2016/48
_h349.00
_a261.75
_1421440051099
_nK
_zSP
999 _c21302
_d21302